<?xml version="1.0" encoding="UTF-8"?>
<record
    xmlns:xsi="http://www.w3.org/2001/XMLSchema-instance"
    xsi:schemaLocation="http://www.loc.gov/MARC21/slim http://www.loc.gov/standards/marcxml/schema/MARC21slim.xsd"
    xmlns="http://www.loc.gov/MARC21/slim">

  <leader>00701cam a22002053  4500</leader>
  <controlfield tag="001">tmp96009737 </controlfield>
  <controlfield tag="003">DLC</controlfield>
  <controlfield tag="005">20260227112754.0</controlfield>
  <controlfield tag="008">081021s1947    fr a          000 1 fre  </controlfield>
  <datafield tag="010" ind1=" " ind2=" ">
    <subfield code="a">tmp96009737 </subfield>
  </datafield>
  <datafield tag="040" ind1=" " ind2=" ">
    <subfield code="a">DLC</subfield>
    <subfield code="c">DLC</subfield>
    <subfield code="d">DLC</subfield>
  </datafield>
  <datafield tag="050" ind1="0" ind2="0">
    <subfield code="a">4PQ Fr 874</subfield>
  </datafield>
  <datafield tag="100" ind1="1" ind2=" ">
    <subfield code="a">Cyrano de Bergerac,</subfield>
    <subfield code="d">1619-1655.</subfield>
  </datafield>
  <datafield tag="245" ind1="1" ind2="2">
    <subfield code="a">L'autre monde, ou, Les &#xE9;tats et empires de la lune et du soleil;</subfield>
    <subfield code="c">Cyrano de Bergerac; pr&#xE9;face d'Ernest Tisserand; illustrations de Jacqueline Charmot.</subfield>
  </datafield>
  <datafield tag="260" ind1=" " ind2=" ">
    <subfield code="a">Paris,</subfield>
    <subfield code="b">Stock,</subfield>
    <subfield code="c">1947.</subfield>
  </datafield>
  <datafield tag="300" ind1=" " ind2=" ">
    <subfield code="a">335 p.</subfield>
    <subfield code="b">illus.</subfield>
    <subfield code="c">20 cm.</subfield>
  </datafield>
  <datafield tag="490" ind1="0" ind2=" ">
    <subfield code="a">Voyages imaginaires ;</subfield>
    <subfield code="v">5</subfield>
  </datafield>
  <datafield tag="700" ind1="1" ind2=" ">
    <subfield code="a">Tisserand, Ernest,</subfield>
    <subfield code="d">1880-</subfield>
  </datafield>
  <datafield tag="740" ind1="0" ind2=" ">
    <subfield code="a">Et&#x301;ats et empires de la lune et du soleil.</subfield>
  </datafield>
  <datafield tag="999" ind1=" " ind2=" ">
    <subfield code="c">91134</subfield>
    <subfield code="d">91134</subfield>
  </datafield>
</record>
